| 000 | 01178nac a22002891u 4500 | ||
|---|---|---|---|
| 010 | _a 2006016484 | ||
| 020 | _a0131872508 (hardback : alk. paper) | ||
| 020 | _a9780131872509 | ||
| 035 | _a(OCoLC)ocm69013693 | ||
| 035 | _a(OCoLC)69013693 | ||
| 082 | 0 | 0 |
_a005 _bJAY |
| 090 |
_c8357 _d8357 |
||
| 100 | _aJayaswal, Bijay K., | ||
| 245 | 1 | 0 |
_aDesign for trustworthy software : _btools, techniques, and methodology of developing robust software / _cBijay K. Jayaswal, Peter C. Patton. |
| 260 |
_aUpper Saddle River, NJ : _bPrentice Hall,c2007. _cc2007. |
||
| 300 |
_axxxv, 798 p. : _bill. ; _c25 cm. |
||
| 500 | _aDistributer: Al-Ahram. | ||
| 504 | _aIncludes bibliographical references and indexes. | ||
| 511 | _aCatalogued By: Mahitab. | ||
| 650 | 0 |
_aComputer software _xReliability. |
|
| 650 | 0 |
_aComputer software _xQuality control. |
|
| 650 | 0 |
_aComputer software _xDevelopment. |
|
| 700 | 1 | _aPatton, Peter C. | |
| 856 | 4 | 1 |
_3Table of contents _uhttp://www.loc.gov/catdir/toc/ecip0614/2006016484.html |
| 942 |
_cBB _k005JAY |
||
| 999 |
_c8357 _d8357 |
||